Statistics for Countries with 100,000 Coronavirus (COVID-19) Cases

Click here to take the quiz!

General Stats

  • This quiz has been taken 67 times
    (43 since last reset)
  • The average score is 26 of 40

Answer Stats

Country% Correct
Brazil
93%
France
93%
India
93%
United States
93%
Spain
89%
United Kingdom
89%
Canada
82%
Italy
82%
Mexico
82%
Indonesia
79%
Germany
75%
Iran
75%
Pakistan
75%
Russia
75%
Argentina
71%
Colombia
71%
Netherlands
71%
Poland
71%
South Africa
71%
Chile
68%
Peru
68%
Saudi Arabia
64%
Ukraine
64%
Belgium
61%
Egypt
61%
Iraq
61%
Bangladesh
57%
Romania
54%
Bolivia
50%
Philippines
50%
Qatar
46%
United Arab Emirates
46%
Israel
43%
Kuwait
43%
Ecuador
39%
Morocco
39%
Kazakhstan
36%
Oman
36%
Panama
32%
Dominican Republic
18%

Score Distribution

Percentile by Number Answered

Percent of People with Each Score

Your Score History

You have not taken this quiz since the last reset